Piłka nożna - prawda czy fałsz #1 - Statystyki

Ogólne statystyki
  • Ten quiz został rozwiązany 67 razy
  • Średni wynik to 11 z 15
Statystyki odpowiedzi
Zagadnienie Odpowiedź % Poprawnych
Ronaldo Nazario występował w swojej karierze zarówno dla FC Barcelony jak i Realu Madryt prawda
94%
Kylian Mbappe wygrał mistrzostwo świata dwukrotnie fałsz
92%
Zinedine Zidane występował w Juventusie Turyn. prawda
92%
Trenerem, który wygrał Ligę Mistrzów z Chelsea w sezonie 20/21 był Thomas Tuchel. prawda
92%
Atletico Madryt wygrało w swojej historii Ligę Mistrzów. fałsz
89%
Robert Lewandowski został kiedyś królem strzelców w sezonie Ligi Mistrzów. prawda
85%
Ajax Amsterdam wygrał Ligę Mistrzów (Puchar Europy Mistrzów Krajowych) trzy razy z rzędu w latach 70. prawda
82%
Lionel Messi zdobył złotą piłkę 8 razy. prawda
79%
AS Roma zdobyła więcej mistrzostw krajowych niż Lazio Rzym. prawda
77%
Thierry Henry nie zdobył Ligi Mistrzów. fałsz
65%
Transfer Cristiano Ronaldo z Manchesteru United do Realu Madryt był najdroższym transferem przychodzącym w historii Realu. fałsz
65%
Frank Lampard jest najlepszym strzelcem w historii Chelsea FC. prawda
65%
Diego Maradona zdobył złotą piłkę. fałsz
61%
Steven Gerrard w swojej seniorskiej karierze występował wyłącznie w Liverpoolu. fałsz
58%
Marco Reus wygrał kiedyś Bundesligę. fałsz
50%
Nie znaleziono quizów pasujących do podanych kryteriów
Rozkład punktacji
Procent ludzi z każdym wynikiem
Percentyl według liczby udzielonych odpowiedzi
Twoja historia wyników
Nie rozwiązałeś tego quizu